| 000 | 00467cam a2200181ua 4500 | ||
|---|---|---|---|
| 020 | _c12 annas | ||
| 041 |
_amal _h |
||
| 082 |
_a894.8122 _bKUN/CH |
||
| 100 | _aKunhiraman Nair, P. | ||
| 245 |
_aChandranathan / _cP Kunhiraman nair. _hTextual Documents |
||
| 250 |
_a1 / _b. |
||
| 260 |
_aTrichur : _bSaraswathi printing and publishing house , _c1945. |
||
| 300 | _a72 ; . | ||
| 365 | _a12 annas | ||
| 504 | _a | ||
| 942 | _cBK | ||
| 999 |
_c12622 _d12622 |
||